FIFA 18 Predicted Top 10 - Statistics

General Stats
  • This quiz has been taken 397 times
  • The average score is 9 of 10
Answer Stats
Position Predicted Rating Club Answer % Correct
2nd 93 Barcelona Messi
100%
1st 94 Real Madrid Ronaldo
100%
5th 92 PSG Neymar
98%
3rd 93 Barcelona Suarez
95%
10th 90 Bayern Munich Lewandowski
92%
4th 92 Bayern Munich Neuer
90%
8th 90 Chelsea Hazard
84%
7th 91 Manchester United De Gea
83%
9th 90 Arsenal Sanchez
72%
6th 91 Free Agent Ibrahimovic
60%
No matching quizzes found
Score Distribution
Percent of People with Each Score
Percentile by Number Answered
Your Score History
You have not taken this quiz